000 00703nam a2200289Ia 4500
005 20260324133237.0
008 008 260324s9999 xx 000 0 eng d
020 _a9781410607690
037 _aEBOOK
040 _aCRL
040 _beng
040 _cCRL
041 _2eng
041 _aeng
084 _qCRL
100 _aRebecca Rogers
_91192342
245 2 _aA Critical Discourse Analysis of Family Literacy Practices
245 0 _bPower in and Out of Print
260 _bTaylor and Francis
260 _c2003
365 _a
365 _b230
856 _uhttp://www.taylorfrancis.com/books/9781410607690
942 _cEBOOK
999 _c1791216
_d1791216